000 01037nam a22002777a 4500
001 BR8702471
003 BR-BrBNA
005 20230928092505.0
007 ta
008 230509b bl.||||| |||| 00| 0 por d
040 _aBR-BrBNA
_bpor
_cBiblioteca Nacional de Agricultura
041 _a(Por)
072 _aL72
_b5250
_b4060
_b/G514
090 _ 5250 BR8702471
100 1 _aCavalcanti, A.M.L.
110 1 _aUniversidade Federal de Minas Gerais, Belo Horizonte (Brasil). Inst. de Ciencias Biologicas. Depto. de Zoologia e Parasitologia
_0Tese (Mestre em Parasitologia)
_910859
245 1 _aPrevalencia estacional de helmintos gastrintestinais de caprinos nas zonas da Mata, do Agreste e do Sertao de Pernambuco
260 3 _aBelo Horizonte, MG (Brasil):
_c1974.
300 _a48 p.
500 _aSummary (Por). (*) Documento disponível na(o) UFMG, Belo Horizonte, MG (Brazil). Biblioteca Central
650 _aCAPRINO
650 _aHELMINTO
650 _aPERNAMBUCO
909 _a202309
_bLucia
_c55
_dLucia Elande
942 _cBK
999 _c39386
_d39386